| 000 | 01013nam0a22002531 4500 | ||
|---|---|---|---|
| 001 | rc\361175 | ||
| 005 | 20260407103724.0 | ||
| 035 | _a(NLR Aleph) 005592156 | ||
| 090 |
_a6223941 _c6223941 |
||
| 100 | _a20030307d1989 |||y0rusy50 ca | ||
| 101 | 0 | _arus | |
| 102 | _aRU | ||
| 105 | _aa ||||||||| | ||
| 200 | 1 |
_aТеория и практика тонколистовой прокатки _eМежвуз. сб. науч. тр. _fВоронеж. политехн. ин-т, Липец. политехн. ин-т _g[Редкол.: С.Л. Коцарь (отв. ред.) и др.] |
|
| 210 |
_aВоронеж _cВПИ _d1989 |
||
| 215 |
_a133 с. _cил. _d21 |
||
| 320 | _aБиблиогр. в конце ст. | ||
| 702 | 1 |
_aКоцарь _bС.Л. _gСергей Леонидович _4340 |
|
| 712 | 0 | 2 |
_aВоронежский политехнический институт _3RU\NLR\AUTH\889932904 _9361044 |
| 801 | 0 |
_aRU _bNLR _gpsbo |
|
| 801 | 1 |
_aRU _bELAR _2rusmarc |
|
| 852 |
_aNLR _j90-3/689 |
||
| 942 | _cBOOK | ||
| 980 | _aNB | ||